Practice trends (Record no. 78608)

MARC details
000 -LEADER
fixed length control field 00920cab a22002295a 4500
001 - CONTROL NUMBER
control field L137456
008 - FIXED-LENGTH DATA ELEMENTS--GENERAL INFORMATION
fixed length control field 070405e20070323xxk f 000 0 eng d
035 ## - SYSTEM CONTROL NUMBER
System control number (Sirsi) u137456
041 0# - LANGUAGE CODE
Language code of text/sound track or separate title eng
100 1# - MAIN ENTRY--PERSONAL NAME
Personal name Geffin, Miles
245 00 - TITLE STATEMENT
Title Practice trends
Remainder of title property
260 ## - PUBLICATION, DISTRIBUTION, ETC.
Date of publication, distribution, etc. 2007
490 ## - SERIES STATEMENT
Series statement SJ
Volume/sequential designation 151(12) 23 March 2007, 377-399(2)
520 ## - SUMMARY, ETC.
Summary, etc. Discusses some of the problems that may be ahead for the commercial and residential property markets. These include ever-increasing house prices, HIPs, buy-to-let landlords fuelling the residential property boom, the Tenancy Deposit Scheme, the RICS Service Charge Code of Practice, recovery of rent arrears and parent company guarantees.
590 ## - LOCAL NOTE (RLIN)
Local note KA
650 24 - SUBJECT ADDED ENTRY--TOPICAL TERM
Topical term or geographic name entry element TENANCY DEPOSIT SCHEME (TDS)
650 24 - SUBJECT ADDED ENTRY--TOPICAL TERM
Topical term or geographic name entry element RICS SERVICE CHARGE CODE OF PRACTICE
650 24 - SUBJECT ADDED ENTRY--TOPICAL TERM
Topical term or geographic name entry element HOUSING INVESTMENT PROGRAMME
651 #4 - SUBJECT ADDED ENTRY--GEOGRAPHIC NAME
Geographic name United Kingdom
Chronological subdivision
690 ## - LOCAL SUBJECT ADDED ENTRY--TOPICAL TERM (OCLC, RLIN)
Topical term or geographic name as entry element PROPERTY
942 ## - ADDED ENTRY ELEMENTS (KOHA)
Suppress in OPAC 0
Holdings
Withdrawn status Lost status Source of classification or shelving scheme Damaged status Not for loan Home library Current library Shelving location Date acquired Total Checkouts Full call number Barcode Date last seen Copy number Price effective from Koha item type
    Dewey Decimal Classification     London London Journal article 05/04/2007   L137456 137456-1001 06/08/2019 1 06/08/2019 Journal article